000 00699nam a2200241Ia 4500
003 OSt
005 20220926012025.0
006 a|||||r|||| 00| 0
007 ta
008 220923b |||||||| |||| 00| 0 eng d
037 _cGeneral Book
040 _aRTL
_cRTL
_beng
041 _2eng
_aeng
082 _aX:873.2.N6, K1
100 _aMacmahon Arthur W.
_916618
245 0 _aDelegation and autonomy
260 _aNew York
_bAsia U. S. A.
_c1961
300 _aix, 176p.
_ccm.
490 _aIndian Institute of Public Administration, publication
650 _aExecutive Management
942 _hX:873.2.N6, K1
_cGB
_2CC
999 _c621565
_d621565